000
00343nam a2200133Ia 4500
008
231129s1996||||xx |||||||||||||| ||spa||
020
_a
958-95992-1-4
040
_b
spa
082
_a
(i) 986.1 C718n
245
0
_a
NiƱos campesinos de Colombia
260
_c
1996
264
_a
Kingraf
942
_2
ddc
_c
BKS
999
_c
21683
_d
21683